| 000 | 00861cam a2200205 4500 | ||
|---|---|---|---|
| 001 | WB3618-05 | ||
| 008 | 000000n2000 000 0 eng u | ||
| 035 | _a(Sirsi) u105883 | ||
| 245 | _a'Brainy building' for Silicon Fen | ||
| 260 | _c2000 | ||
| 490 |
_aGuardian _v 9 May 2000, 24(1) |
||
| 520 | _aSilicon Fen is about to acquire its first stock market-listed 'intelligent building'. EuroTelecom is to buy 49% of QTon, a company which part-owns a high-tech business support centre in Cambridge. The building, due to be ready in August will provide telecoms links, networking, and video conferencing. | ||
| 590 | _aWB | ||
| 650 | _aINTELLIGENT BUILDINGS | ||
| 650 | _aCAMBRIDGE | ||
| 650 | _aVIDEO CONFERENCING | ||
| 650 | _aNETWORKING TECHNOLOGIES | ||
| 690 | _aPROPERTY-COMMERCIAL PROPERTY-COMMERCIAL PROPERTY FINANCE AND INVESTMENT | ||
| 942 | _n0 | ||
| 999 |
_c63400 _d63400 |
||